000 00495nam a2200169Ia 4500
999 _c27870
_d27870
003 OSt
005 20201120094522.0
008 190216s9999||||xx |||||||||||||| ||und||
040 _coclc
082 _a894.8123
_bBAL/E
100 _aBalakrishnan, C V
_96478
245 0 _aEatho Rajavinte Prajakal /
_cC V Balakrishnan
260 _bCurrent Books,
_c1986.
_aKottayam:
300 _a111p
650 _aMalayalam Novel
942 _cBK
_2ddc
_h894.8123
_iBAL/E
_k894.8123
_mBAL/E